عرض عادي
عرض مارك
- Jernigan, Scott.
مدخل إسم شخص
001 - رقم الضبط
- حقل الضبط: 5985
003 - معرف رقم الضبط
- حقل الضبط: OSt
005 - تاريخ ووقت أخر عملية
- حقل الضبط: 20111101181643.0
008 - عناصر بيانات ثابتة الطول
- حقل تحكم ثابت الطول: 111101|||a|||||| | ||| d
040 ## - مصدر الفهرسة
- هيئة الفهرسة الأصلية: OSt
- وكالة الكتابة: OSt
100 ## - مدخل -- أسم شخص
- إسم شخص: Jernigan, Scott.
670 ## - بيانات المصدر موجوده
- الاستشهاد بالمصدر: Work cat.: (OSt)784: Meyers, Michael, 1961-, Mike Meyers' A+ guide to operating systems /, c2004.
